| 000 | 00464nam a2200145Ia 4500 | ||
|---|---|---|---|
| 008 | 180910s9999 xx 000 0 und d | ||
| 100 | _aAmerican psychological association. | ||
| 245 | _aAmerican psychological association / | ||
| 245 | _cAmerican psychological association. | ||
| 260 | _bAmerican psychological association | ||
| 260 | _c2018 | ||
| 300 | _a496 pages. | ||
| 440 |
_aJournal of personality and social psychology _v114 : 3 |
||
| 650 | _aPsychology. | ||
| 999 |
_c358713 _d358713 |
||